000 00916ncm a22002415a 4500
001 C00011482c
005 20241029143126.0
008 950810s1891 ddrmtb n 1 ger d
080 _a785.75:786.2:787.1/.3
100 1 _aSchumann, Robert (
_d1810-1856)
_98457
245 1 0 _aQuintett Es-dur, op. 44
_b: für Pianoforte, 2 Violinen, Viola und Violoncell /
_cvon Robert Schumann.
254 _a[Kleine Partitur].
260 _aLeipzig :
_bErnst Eulenburg,
_c[d. 1891]
300 _aPartitura (62 p.) ;
_c19 cm +
_eFolleto catálogo de librería editorial.
490 0 _aPayne's kleine Partitur Ausgabe ;
_v78
500 _aN. pl. : E.E. 1178.
500 _aFecha de publicación tomada de "The new Grive dictionary of music and musicians", vol. 6, Stanley Sadie 1980.
500 _aLegado Pérez Casas.
650 _aQuintetos de piano.
_98321
852 4 _jM-2397
999 _c11273
_d11273